00563nam a2200169Ia 4500008004100000041000800041082001800049100004900067245002700116260004200143300001600185365000700201650001900208906002900227999001900256952011800275210719s1976 xx 000 0 und d aeng a894.8141 KANM aKANAVI (Chennaveera) and RAO (K Raghavendra) aModern kannada poetry. aDharwar.bKarnatak University.,c1976 axxv,117bHB cRs aKannada Poetry aKannada Poems in English c213047d213047 001040708Kannada LiteratureaALbALd1996-05-30l0o894.8141 KANMpD01147r2021-07-19 00:00:00w2021-07-19yDB